[Event "Rated Blitz 2 during Championship Ukraine U8 - 2025"]
[Site "?"]
[Date "2025.06.07"]
[Round "6.4"]
[White "Kryvonis, Andrii"]
[Black "Netrebka, Myron"]
[Result "0-1"]
[BlackElo "1919"]
[WhiteElo "1449"]
[LiveChessVersion "1.4.8"]

1. d4 {[%clk 0:03:03]} e5 {[%clk 0:03:01]} 2. dxe5 {[%clk 0:03:03]} d6
{[%clk 0:03:03]} 3. exd6 Bxd6 4. e4 {[%clk 0:03:02]} Nc6 {[%clk 0:03:05]} 5. Nc3
{[%clk 0:03:02]} Nf6 6. Nf3 {[%clk 0:02:58]} Bg4 {[%clk 0:03:08]} 7. Be2
{[%clk 0:02:55]} Qe7 {[%clk 0:03:10]} 8. Bg5 {[%clk 0:02:42]} O-O-O
{[%clk 0:03:09]} 9. Bxf6 {[%clk 0:02:42]} Qxf6 {[%clk 0:03:02]} 10. Nd5
{[%clk 0:02:33]} Qxb2 {[%clk 0:02:57]} 11. O-O {[%clk 0:02:25]} Ne5
{[%clk 0:02:57]} 12. Nxe5 {[%clk 0:02:21]} Bxe2 {[%clk 0:02:58]} 13. Qxe2
{[%clk 0:02:20]} Qxe5 {[%clk 0:02:58]} 14. g3 {[%clk 0:01:41]} Rhe8
{[%clk 0:02:58]} 15. f3 {[%clk 0:01:36]} f5 {[%clk 0:02:58]} 16. Rae1
{[%clk 0:01:28]} Bc5+ {[%clk 0:02:58]} 17. Kg2 {[%clk 0:01:24]} Rxd5
{[%clk 0:02:58]} 18. exd5 {[%clk 0:00:58]} Qxe2+ {[%clk 0:03:00]} 19. Rxe2
{[%clk 0:00:55]} Rxe2+ {[%clk 0:03:00]} 20. Kh3 {[%clk 0:00:55]} g5
{[%clk 0:02:59]} 21. Rc1 {[%clk 0:00:52]} h5 {[%clk 0:03:01]} 22. g4
{[%clk 0:00:45]} hxg4+ {[%clk 0:03:01]} 23. fxg4 {[%clk 0:00:42]} f4
{[%clk 0:03:01]} 24. a4 {[%clk 0:00:31]} Bd6 {[%clk 0:02:57]} 25. c4
{[%clk 0:00:23]} f3 {[%clk 0:02:58]} 26. Rh1 {[%clk 0:00:16]} b6 {[%clk 0:02:57]}
27. a5 {[%clk 0:00:07]} Kd8 {[%clk 0:02:51]} 28. axb6 {[%clk 0:00:07]} axb6
{[%clk 0:02:52]} 29. c5 {[%clk 0:00:05]} bxc5 {[%clk 0:02:53]} 30. Rg1 0-1

[Event "Rated Blitz 2 during Championship Ukraine U8 - 2025"]
[Site "?"]
[Date "2025.06.07"]
[Round "6.6"]
[White "Savluk, Savelii"]
[Black "Mekich, Pavlo"]
[Result "0-1"]
[BlackElo "1695"]
[WhiteElo "1447"]
[LiveChessVersion "1.4.8"]

1. b4 {[%clk 0:03:04]} e5 {[%clk 0:03:02]} 2. Bb2 {[%clk 0:03:05]} Bxb4
{[%clk 0:03:03]} 3. Bxe5 {[%clk 0:03:06]} Nf6 {[%clk 0:03:04]} 4. Nc3
{[%clk 0:03:07]} d6 {[%clk 0:03:05]} 5. a3 {[%clk 0:03:08]} Ba5 {[%clk 0:03:05]}
6. Bxf6 {[%clk 0:03:09]} Qxf6 {[%clk 0:03:06]} 7. Nf3 {[%clk 0:03:08]} Bxc3
{[%clk 0:03:07]} 8. dxc3 {[%clk 0:03:09]} Qxc3+ {[%clk 0:03:08]} 9. Nd2
{[%clk 0:03:10]} Be6 {[%clk 0:03:08]} 10. Rb1 {[%clk 0:03:09]} Bd5
{[%clk 0:02:56]} 11. e4 {[%clk 0:03:04]} Bc6 {[%clk 0:02:47]} 12. Rb3
{[%clk 0:02:58]} Qe5 {[%clk 0:02:45]} 13. Bb5 {[%clk 0:02:51]} Bxb5
{[%clk 0:02:42]} 14. Qb1 {[%clk 0:02:41]} Bc6 {[%clk 0:02:41]} 15. O-O
{[%clk 0:02:39]} O-O {[%clk 0:02:41]} 16. Re1 {[%clk 0:02:40]} Na6
{[%clk 0:02:39]} 17. Nf3 {[%clk 0:02:41]} Qe7 {[%clk 0:02:38]} 18. e5
{[%clk 0:02:23]} Nc5 {[%clk 0:02:36]} 19. exd6 {[%clk 0:02:22]} Qxd6
{[%clk 0:02:36]} 20. Rbe3 {[%clk 0:02:20]} Rad8 {[%clk 0:02:23]} 21. h3
{[%clk 0:02:19]} h6 {[%clk 0:02:21]} 22. Rc3 {[%clk 0:02:14]} Ne6
{[%clk 0:02:18]} 23. Rd3 {[%clk 0:02:12]} Qf4 {[%clk 0:02:15]} 24. Rb3
{[%clk 0:01:50]} Nd4 {[%clk 0:02:10]} 25. Nxd4 {[%clk 0:01:46]} Rxd4
{[%clk 0:02:05]} 26. Rbe3 {[%clk 0:01:38]} Rd2 {[%clk 0:02:02]} 27. Rf1
{[%clk 0:01:32]} Rxf2 {[%clk 0:01:48]} 28. Rxf2 {[%clk 0:01:28]} Qxe3
{[%clk 0:01:49]} 29. Qf1 {[%clk 0:01:26]} Re8 {[%clk 0:01:42]} 30. Kh1
{[%clk 0:01:22]} Qxh3+ {[%clk 0:01:40]} 31. Kg1 {[%clk 0:01:22]} Qh4
{[%clk 0:01:33]} 32. c3 {[%clk 0:01:11]} Qg3 {[%clk 0:01:14]} 33. c4
{[%clk 0:01:07]} Qe3 {[%clk 0:01:14]} 34. a4 {[%clk 0:01:03]} Qe1
{[%clk 0:01:14]} 35. Kh2 {[%clk 0:01:03]} Qxf1 {[%clk 0:01:13]} 36. Rxf1
{[%clk 0:01:04]} Bxa4 {[%clk 0:01:14]} 37. Rb1 {[%clk 0:01:04]} Bc6
{[%clk 0:01:15]} 38. Rc1 {[%clk 0:01:05]} Re2 {[%clk 0:01:14]} 39. Rg1
{[%clk 0:01:06]} Rc2 {[%clk 0:01:15]} 40. Kh3 {[%clk 0:01:03]} Rc3+
{[%clk 0:01:11]} 41. g3 {[%clk 0:01:03]} Bd7+ {[%clk 0:01:10]} 42. Kh2
{[%clk 0:01:02]} Rc2+ {[%clk 0:01:10]} 43. Kh1 {[%clk 0:01:02]} Bc6+
{[%clk 0:01:09]} 44. Rg2 {[%clk 0:01:01]} Rxg2 {[%clk 0:01:07]} 45. g4
{[%clk 0:01:02]} Rxg4+ 46. Kh2 h5 {[%clk 0:01:04]} 47. c5 {[%clk 0:01:04]} a5
{[%clk 0:01:05]} 48. Kh3 a4 {[%clk 0:01:00]} 49. Kh2 {[%clk 0:01:06]} a3
{[%clk 0:01:00]} 50. Kh3 {[%clk 0:01:07]} a2 {[%clk 0:01:01]} 51. Kh2
{[%clk 0:01:09]} a1=Q {[%clk 0:01:01]} 52. Kh3 {[%clk 0:01:10]} Qh1#
{[%clk 0:01:02]} 0-1

[Event "Rated Blitz 2 during Championship Ukraine U8 - 2025"]
[Site "?"]
[Date "2025.06.07"]
[Round "7.1"]
[White "Danylyuk, Vasyl"]
[Black "Bondarenko, Stanislav"]
[Result "0-1"]
[BlackElo "2093"]
[WhiteElo "2011"]
[LiveChessVersion "1.4.8"]

1. d4 {[%clk 0:03:04]} Nf6 {[%clk 0:03:03]} 2. c4 {[%clk 0:03:05]} e6
{[%clk 0:03:02]} 3. Nc3 {[%clk 0:03:07]} Bb4 {[%clk 0:03:02]} 4. Bd2
{[%clk 0:03:08]} O-O {[%clk 0:03:01]} 5. e3 {[%clk 0:03:09]} d5 {[%clk 0:03:01]}
6. cxd5 {[%clk 0:03:08]} exd5 {[%clk 0:03:02]} 7. Bd3 {[%clk 0:03:09]} Nbd7
{[%clk 0:02:54]} 8. a3 {[%clk 0:03:07]} Bd6 {[%clk 0:02:43]} 9. Nb5
{[%clk 0:03:04]} Be7 {[%clk 0:02:43]} 10. Qc2 {[%clk 0:02:48]} c6
{[%clk 0:02:43]} 11. Nc3 {[%clk 0:02:48]} Re8 {[%clk 0:02:40]} 12. Nf3
{[%clk 0:02:49]} Bd6 {[%clk 0:02:38]} 13. O-O {[%clk 0:02:45]} Nf8
{[%clk 0:02:33]} 14. Rfc1 {[%clk 0:02:42]} Bg4 {[%clk 0:02:33]} 15. Ne1
{[%clk 0:02:38]} Bh5 {[%clk 0:02:24]} 16. h3 {[%clk 0:02:29]} Bg6
{[%clk 0:02:24]} 17. b4 {[%clk 0:02:26]} Ne6 {[%clk 0:02:17]} 18. b5
{[%clk 0:02:13]} c5 {[%clk 0:02:18]} 19. dxc5 {[%clk 0:02:09]} Nxc5
{[%clk 0:02:13]} 20. Bxg6 {[%clk 0:02:08]} hxg6 {[%clk 0:02:14]} 21. Ne2
{[%clk 0:01:09]} Rc8 {[%clk 0:02:09]} 22. Bb4 {[%clk 0:00:55]} Qd7
{[%clk 0:02:05]} 23. Nd4 {[%clk 0:00:37]} Nce4 {[%clk 0:01:58]} 24. Qa4
{[%clk 0:00:24]} a6 {[%clk 0:01:51]} 25. Bxd6 {[%clk 0:00:22]} Nxd6
{[%clk 0:01:49]} 26. Rxc8 {[%clk 0:00:19]} Rxc8 {[%clk 0:01:50]} 27. Rb1
{[%clk 0:00:11]} Nfe4 {[%clk 0:01:45]} 28. Qb4 {[%clk 0:00:09]} Rc4
{[%clk 0:01:41]} 29. Qb2 {[%clk 0:00:09]} axb5 {[%clk 0:01:23]} 30. Nxb5
{[%clk 0:00:10]} Nxb5 {[%clk 0:01:17]} 31. Qxb5 {[%clk 0:00:11]} Qf5
{[%clk 0:01:18]} 32. Qe8+ {[%clk 0:00:05]} Kh7 {[%clk 0:01:19]} 33. Qb5
{[%clk 0:00:06]} Qxf2+ {[%clk 0:01:18]} 34. Kh2 {[%clk 0:00:07]} Qg3+
{[%clk 0:01:18]} 35. Kg1 {[%clk 0:00:08]} Qxe3+ {[%clk 0:01:19]} 36. Kh2
{[%clk 0:00:09]} Qf4+ {[%clk 0:01:16]} 37. Kh1 {[%clk 0:00:04]} Nc3
{[%clk 0:01:15]} 0-1

[Event "Rated Blitz 2 during Championship Ukraine U8 - 2025"]
[Site "?"]
[Date "2025.06.07"]
[Round "7.2"]
[White "Bazhan, Vitalii"]
[Black "Netrebka, Myron"]
[Result "1-0"]
[BlackElo "1919"]
[WhiteElo "2112"]
[LiveChessVersion "1.4.8"]

1. b3 {[%clk 0:03:04]} b6 {[%clk 0:03:02]} 2. Bb2 {[%clk 0:03:04]} Bb7
{[%clk 0:03:03]} 3. c4 {[%clk 0:03:04]} Nf6 {[%clk 0:03:03]} 4. Bxf6
{[%clk 0:03:01]} exf6 {[%clk 0:03:03]} 5. Nc3 {[%clk 0:03:01]} d6
{[%clk 0:03:01]} 6. e3 {[%clk 0:03:01]} Be7 {[%clk 0:03:01]} 7. Nf3
{[%clk 0:02:59]} O-O {[%clk 0:03:01]} 8. d4 {[%clk 0:03:01]} f5 {[%clk 0:03:02]}
9. Bd3 {[%clk 0:02:57]} g6 {[%clk 0:03:02]} 10. O-O {[%clk 0:02:49]} Bf6
{[%clk 0:03:03]} 11. Re1 {[%clk 0:02:38]} Nd7 {[%clk 0:03:03]} 12. e4
{[%clk 0:02:34]} fxe4 {[%clk 0:03:04]} 13. Bxe4 {[%clk 0:02:32]} Bxe4
{[%clk 0:02:57]} 14. Nxe4 {[%clk 0:02:33]} Bg7 {[%clk 0:02:58]} 15. Qd2
{[%clk 0:02:27]} Re8 {[%clk 0:02:35]} 16. Re2 {[%clk 0:02:19]} Nf6
{[%clk 0:02:10]} 17. Rae1 {[%clk 0:02:12]} Nxe4 {[%clk 0:02:11]} 18. Rxe4
{[%clk 0:02:13]} Qd7 {[%clk 0:02:10]} 19. Qe3 {[%clk 0:02:05]} Kf8
{[%clk 0:02:02]} 20. Ng5 {[%clk 0:00:42]} Bh6 {[%clk 0:00:43]} 21. Rxe8+
{[%clk 0:00:29]} Rxe8 {[%clk 0:00:38]} 22. Nxh7+ {[%clk 0:00:30]} Kg7
{[%clk 0:00:28]} 23. Qxe8 {[%clk 0:00:29]} Qf5 {[%clk 0:00:27]} 24. Nf8
{[%clk 0:00:11]} Bd2 {[%clk 0:00:21]} 25. Rf1 {[%clk 0:00:07]} Bc3
{[%clk 0:00:16]} 26. Nd7 {[%clk 0:00:07]} Bxd4 {[%clk 0:00:17]} 27. Qf8+
{[%clk 0:00:08]} Kh7 {[%clk 0:00:17]} 28. Qe8 {[%clk 0:00:08]} Kg7
{[%clk 0:00:18]} 29. Qf8+ {[%clk 0:00:08]} Kh7 {[%clk 0:00:20]} 30. Nb8
{[%clk 0:00:09]} a5 {[%clk 0:00:11]} 31. Nc6 {[%clk 0:00:10]} Bc5
{[%clk 0:00:13]} 32. Nd8 {[%clk 0:00:10]} Qc2 {[%clk 0:00:06]} 33. Qxf7+ Kh6 34.
Qf4+ {[%clk 0:00:10]} Kh7 {[%clk 0:00:07]} 35. Ne6 {[%clk 0:00:11]} Qc3
{[%clk 0:00:05]} 36. Nxc5 {[%clk 0:00:11]} dxc5 {[%clk 0:00:06]} 37. h4
{[%clk 0:00:12]} a4 {[%clk 0:00:07]} 38. Qe3 {[%clk 0:00:13]} Qf6
{[%clk 0:00:06]} 39. g3 {[%clk 0:00:12]} axb3 {[%clk 0:00:07]} 40. axb3 b5
{[%clk 0:00:07]} 41. Re1 {[%clk 0:00:14]} bxc4 {[%clk 0:00:08]} 42. bxc4
{[%clk 0:00:16]} Qb6 {[%clk 0:00:10]} 43. Qe7+ {[%clk 0:00:16]} Kh6
{[%clk 0:00:11]} 44. Qg5+ {[%clk 0:00:17]} Kg7 {[%clk 0:00:12]} 45. Re7+ Kf8 46.
Qe5 {[%clk 0:00:15]} Qa6 {[%clk 0:00:06]} 47. Qe6 {[%clk 0:00:14]} Qa1+
{[%clk 0:00:06]} 48. Kh2 {[%clk 0:00:14]} c6 {[%clk 0:00:05]} 49. Qf7#
{[%clk 0:00:14]} 1-0

[Event "Rated Blitz 2 during Championship Ukraine U8 - 2025"]
[Site "?"]
[Date "2025.06.07"]
[Round "7.3"]
[White "Kaliuzhny, Andrey"]
[Black "Nadzharyan, Tymur"]
[Result "1-0"]
[BlackElo "1609"]
[WhiteElo "2084"]
[LiveChessVersion "1.4.8"]

1. Nf3 {[%clk 0:03:03]} d5 {[%clk 0:02:57]} 2. c4 {[%clk 0:03:03]} c6
{[%clk 0:02:52]} 3. e3 {[%clk 0:03:03]} Bf5 {[%clk 0:02:52]} 4. b3
{[%clk 0:03:04]} e6 {[%clk 0:02:51]} 5. Bb2 {[%clk 0:03:05]} Nf6 {[%clk 0:02:50]}
6. Be2 {[%clk 0:03:05]} Bd6 {[%clk 0:02:51]} 7. O-O {[%clk 0:03:06]} O-O
{[%clk 0:02:51]} 8. d3 {[%clk 0:03:06]} Bc7 {[%clk 0:02:34]} 9. Nh4
{[%clk 0:03:02]} Bg6 {[%clk 0:02:32]} 10. Nxg6 {[%clk 0:03:03]} hxg6
{[%clk 0:02:33]} 11. f4 {[%clk 0:03:00]} dxc4 {[%clk 0:02:31]} 12. bxc4
{[%clk 0:03:01]} Bb6 {[%clk 0:02:31]} 13. d4 {[%clk 0:02:58]} Nbd7
{[%clk 0:02:31]} 14. c5 {[%clk 0:02:54]} Bc7 {[%clk 0:02:32]} 15. Bf3
{[%clk 0:02:53]} Nd5 {[%clk 0:02:32]} 16. Qe2 {[%clk 0:02:54]} b6
{[%clk 0:02:30]} 17. cxb6 {[%clk 0:02:51]} Bxb6 {[%clk 0:02:30]} 18. Nd2
{[%clk 0:02:50]} c5 {[%clk 0:02:27]} 19. Ba3 {[%clk 0:02:45]} Re8
{[%clk 0:02:24]} 20. dxc5 {[%clk 0:02:29]} Nxc5 {[%clk 0:02:23]} 21. Nc4
{[%clk 0:02:20]} Nc3 {[%clk 0:01:52]} 22. Qc2 {[%clk 0:02:12]} Nb5
{[%clk 0:01:47]} 23. Bb2 {[%clk 0:02:07]} Nd7 {[%clk 0:01:43]} 24. a4
{[%clk 0:02:01]} Nc7 {[%clk 0:01:39]} 25. Kh1 {[%clk 0:01:55]} Rb8
{[%clk 0:01:37]} 26. Rad1 {[%clk 0:01:54]} Qe7 {[%clk 0:01:28]} 27. Ba3
{[%clk 0:01:45]} Bc5 {[%clk 0:01:25]} 28. Rxd7 {[%clk 0:01:44]} Qxd7
{[%clk 0:01:25]} 29. Bxc5 {[%clk 0:01:45]} Qxa4 {[%clk 0:01:22]} 30. Qxa4
{[%clk 0:01:45]} Rbd8 {[%clk 0:01:18]} 31. Bxa7 {[%clk 0:01:31]} 1-0

[Event "Rated Blitz 2 during Championship Ukraine U8 - 2025"]
[Site "?"]
[Date "2025.06.07"]
[Round "7.4"]
[White "Samoliuk, Vasyl"]
[Black "Khilchuk, Ivan"]
[Result "0-1"]
[BlackElo "1905"]
[WhiteElo "1748"]
[LiveChessVersion "1.4.8"]

1. e4 {[%clk 0:03:03]} e6 {[%clk 0:03:04]} 2. d4 {[%clk 0:03:03]} d5
{[%clk 0:03:05]} 3. e5 c5 {[%clk 0:03:07]} 4. c3 {[%clk 0:03:06]} Nc6
{[%clk 0:03:08]} 5. Nf3 {[%clk 0:03:07]} Qb6 {[%clk 0:03:09]} 6. a3
{[%clk 0:03:08]} Bd7 {[%clk 0:03:09]} 7. b4 {[%clk 0:03:09]} cxd4
{[%clk 0:03:09]} 8. cxd4 {[%clk 0:03:10]} Nge7 {[%clk 0:03:04]} 9. Nc3
{[%clk 0:03:11]} Nf5 {[%clk 0:03:04]} 10. Na4 {[%clk 0:03:12]} Qd8
{[%clk 0:03:04]} 11. Nc5 {[%clk 0:03:09]} b6 {[%clk 0:02:50]} 12. Na6
{[%clk 0:03:09]} Nb8 {[%clk 0:02:35]} 13. Nxb8 {[%clk 0:02:53]} Qxb8
{[%clk 0:02:36]} 14. Bb2 {[%clk 0:02:53]} Be7 {[%clk 0:02:24]} 15. Bd3
{[%clk 0:02:49]} O-O {[%clk 0:02:18]} 16. O-O {[%clk 0:02:49]} a5
{[%clk 0:02:09]} 17. b5 {[%clk 0:02:47]} Qe8 {[%clk 0:02:06]} 18. Qe2
{[%clk 0:02:35]} Rc8 {[%clk 0:02:00]} 19. Rad1 {[%clk 0:02:25]} Qd8
{[%clk 0:01:31]} 20. Bb1 {[%clk 0:02:19]} Qe8 {[%clk 0:01:25]} 21. Qd3
{[%clk 0:02:15]} Bxb5 {[%clk 0:01:23]} 22. Qd2 {[%clk 0:02:05]} Bxf1
{[%clk 0:01:22]} 23. Rxf1 {[%clk 0:02:00]} Qb5 {[%clk 0:01:08]} 24. g4
{[%clk 0:01:42]} Nh4 {[%clk 0:00:59]} 25. Nxh4 {[%clk 0:01:42]} Bxh4
{[%clk 0:01:00]} 26. h3 {[%clk 0:01:34]} g6 {[%clk 0:00:47]} 27. Bd3
{[%clk 0:01:13]} Qb3 {[%clk 0:00:37]} 28. Rb1 {[%clk 0:01:04]} Bg5
{[%clk 0:00:31]} 29. Qe2 {[%clk 0:00:54]} Qa4 {[%clk 0:00:14]} 30. Kg2
{[%clk 0:00:51]} Qc6 {[%clk 0:00:14]} 31. Kg3 {[%clk 0:00:50]} Qc7
{[%clk 0:00:12]} 32. h4 {[%clk 0:00:49]} Bf6 {[%clk 0:00:12]} 33. g5
{[%clk 0:00:43]} Bg7 {[%clk 0:00:14]} 34. h5 {[%clk 0:00:38]} f5 {[%clk 0:00:11]}
35. gxf6 {[%clk 0:00:31]} Bxf6 {[%clk 0:00:10]} 36. hxg6 {[%clk 0:00:29]} hxg6
{[%clk 0:00:11]} 37. Rh1 {[%clk 0:00:22]} Bg7 {[%clk 0:00:09]} 38. Bxg6
{[%clk 0:00:21]} Rfd8 {[%clk 0:00:09]} 39. Qf3 {[%clk 0:00:05]} Rf8
{[%clk 0:00:08]} 40. Bh7+ {[%clk 0:00:04]} Kh8 {[%clk 0:00:09]} 41. Bf5+ Kg8 42.
Bh7+ Kh8 0-1

[Event "Rated Blitz 2 during Championship Ukraine U8 - 2025"]
[Site "?"]
[Date "2025.06.07"]
[Round "7.6"]
[White "Mekich, Pavlo"]
[Black "Kryvonis, Andrii"]
[Result "1-0"]
[BlackElo "1449"]
[WhiteElo "1695"]
[LiveChessVersion "1.4.8"]

1. e4 {[%clk 0:03:02]} e5 {[%clk 0:03:03]} 2. Nf3 {[%clk 0:03:03]} Nc6
{[%clk 0:03:04]} 3. Bc4 {[%clk 0:03:04]} Nf6 {[%clk 0:03:05]} 4. Ng5
{[%clk 0:03:05]} d5 {[%clk 0:03:06]} 5. exd5 {[%clk 0:03:06]} Nxd5
{[%clk 0:03:06]} 6. d4 {[%clk 0:02:58]} exd4 {[%clk 0:02:54]} 7. O-O
{[%clk 0:02:57]} Be7 {[%clk 0:02:51]} 8. Re1 {[%clk 0:02:54]} Nf6
{[%clk 0:02:50]} 9. Nxf7 {[%clk 0:02:54]} Qd7 {[%clk 0:02:26]} 10. Nxh8
{[%clk 0:02:53]} Qd6 {[%clk 0:02:11]} 11. Nf7 {[%clk 0:02:52]} Qb4
{[%clk 0:02:02]} 12. Bb3 {[%clk 0:02:46]} Na5 {[%clk 0:01:49]} 13. c3
{[%clk 0:02:45]} dxc3 {[%clk 0:01:44]} 14. bxc3 {[%clk 0:02:46]} Qh4
{[%clk 0:01:35]} 15. Ba3 {[%clk 0:02:35]} Ng8 {[%clk 0:01:13]} 16. Qd8#
{[%clk 0:02:25]} 1-0

[Event "Rated Blitz 2 during Championship Ukraine U8 - 2025"]
[Site "?"]
[Date "2025.06.07"]
[Round "8.2"]
[White "Kaliuzhny, Andrey"]
[Black "Bazhan, Vitalii"]
[Result "1/2-1/2"]
[BlackElo "2112"]
[WhiteElo "2084"]
[LiveChessVersion "1.4.8"]

1. d4 {[%clk 0:03:03]} d5 {[%clk 0:03:04]} 2. Nf3 {[%clk 0:03:04]} Nf6
{[%clk 0:03:05]} 3. c4 {[%clk 0:03:06]} c6 {[%clk 0:03:05]} 4. e3
{[%clk 0:03:07]} a6 {[%clk 0:03:05]} 5. Bd3 {[%clk 0:03:08]} Bg4 {[%clk 0:03:05]}
6. h3 {[%clk 0:03:08]} Bxf3 {[%clk 0:03:06]} 7. Qxf3 {[%clk 0:03:09]} e6
{[%clk 0:03:07]} 8. O-O {[%clk 0:03:07]} Nbd7 {[%clk 0:03:08]} 9. Re1
{[%clk 0:03:08]} Be7 {[%clk 0:03:09]} 10. Nc3 {[%clk 0:03:09]} O-O
{[%clk 0:03:10]} 11. e4 dxe4 {[%clk 0:03:10]} 12. Nxe4 {[%clk 0:03:11]} Nxe4
{[%clk 0:03:06]} 13. Qxe4 {[%clk 0:03:11]} Nf6 {[%clk 0:03:07]} 14. Qe3 1/2-1/2

[Event "Rated Blitz 2 during Championship Ukraine U8 - 2025"]
[Site "?"]
[Date "2025.06.07"]
[Round "8.3"]
[White "Nadzharyan, Tymur"]
[Black "Danylyuk, Vasyl"]
[Result "0-1"]
[BlackElo "2011"]
[WhiteElo "1609"]
[LiveChessVersion "1.4.8"]

1. e4 c6 2. d4 d5 3. Nc3 {[%clk 0:03:04]} dxe4 {[%clk 0:03:07]} 4. Nxe4
{[%clk 0:03:05]} Bf5 {[%clk 0:03:09]} 5. Ng3 {[%clk 0:03:05]} Bg6
{[%clk 0:03:10]} 6. h4 h6 7. h5 Bh7 8. Nf3 {[%clk 0:03:07]} Nd7 {[%clk 0:03:15]}
9. Bd3 {[%clk 0:03:08]} Bxd3 {[%clk 0:03:16]} 10. Qxd3 {[%clk 0:03:09]} e6
{[%clk 0:03:17]} 11. Bd2 {[%clk 0:03:08]} Ngf6 {[%clk 0:03:19]} 12. O-O-O
{[%clk 0:03:07]} Be7 {[%clk 0:03:20]} 13. Ne4 {[%clk 0:03:05]} Nxe4
{[%clk 0:03:21]} 14. Qxe4 {[%clk 0:03:05]} Nf6 {[%clk 0:03:22]} 15. Qd3
{[%clk 0:03:06]} O-O {[%clk 0:03:16]} 16. Rdg1 {[%clk 0:03:05]} Qd5
{[%clk 0:03:15]} 17. c4 {[%clk 0:02:48]} Qe4 {[%clk 0:03:16]} 18. Qxe4 Nxe4
{[%clk 0:03:15]} 19. Be3 {[%clk 0:02:47]} f5 {[%clk 0:03:09]} 20. g3
{[%clk 0:02:45]} Bf6 {[%clk 0:03:01]} 21. Nd2 {[%clk 0:02:28]} Nxd2
{[%clk 0:03:01]} 22. Kxd2 {[%clk 0:02:29]} Rfd8 {[%clk 0:02:41]} 23. Kc3
{[%clk 0:02:24]} c5 {[%clk 0:02:31]} 24. Rd1 {[%clk 0:02:25]} Rd7
{[%clk 0:02:27]} 25. Rd2 {[%clk 0:02:23]} Rad8 {[%clk 0:02:28]} 26. Rhd1
{[%clk 0:02:24]} Kf7 {[%clk 0:02:25]} 27. b4 {[%clk 0:02:12]} cxd4+
{[%clk 0:02:15]} 28. Bxd4 {[%clk 0:02:13]} Rxd4 {[%clk 0:01:30]} 29. Rxd4
{[%clk 0:02:10]} g6 {[%clk 0:01:19]} 30. hxg6+ {[%clk 0:02:07]} Kxg6
{[%clk 0:01:20]} 31. c5 {[%clk 0:02:08]} Kg5 {[%clk 0:01:03]} 32. Kc4
{[%clk 0:02:08]} Bxd4 {[%clk 0:01:03]} 33. Rxd4 {[%clk 0:02:08]} Rb8
{[%clk 0:00:58]} 34. f3 {[%clk 0:02:00]} e5 {[%clk 0:00:56]} 35. Rd5
{[%clk 0:01:59]} Re8 {[%clk 0:00:54]} 36. Kd3 {[%clk 0:01:44]} h5
{[%clk 0:00:51]} 37. Ke3 {[%clk 0:01:40]} Re7 {[%clk 0:00:51]} 38. Rd1
{[%clk 0:01:28]} Rh7 {[%clk 0:00:47]} 39. Rh1 {[%clk 0:01:25]} Rd7
{[%clk 0:00:49]} 40. f4+ {[%clk 0:01:20]} exf4+ {[%clk 0:00:32]} 41. gxf4+
{[%clk 0:01:19]} Kg4 {[%clk 0:00:28]} 42. Rg1+ {[%clk 0:01:15]} Kh3
{[%clk 0:00:27]} 43. a4 {[%clk 0:01:12]} Kh2 {[%clk 0:00:23]} 44. Rg5
{[%clk 0:01:12]} h4 {[%clk 0:00:23]} 45. Rxf5 {[%clk 0:01:07]} h3
{[%clk 0:00:22]} 46. Rg5 {[%clk 0:01:08]} a5 {[%clk 0:00:19]} 47. b5
{[%clk 0:01:05]} Re7+ {[%clk 0:00:16]} 48. Kf2 {[%clk 0:01:03]} Rd7
{[%clk 0:00:16]} 49. c6 {[%clk 0:00:51]} bxc6 {[%clk 0:00:17]} 50. bxc6 Rd2+ 51.
Kf3 {[%clk 0:00:46]} Rc2 {[%clk 0:00:17]} 52. Rg6 {[%clk 0:00:45]} Rc3+
{[%clk 0:00:18]} 53. Ke4 {[%clk 0:00:45]} Rc4+ {[%clk 0:00:13]} 54. Kf5
{[%clk 0:00:44]} Rxa4 {[%clk 0:00:13]} 55. c7 {[%clk 0:00:41]} Rc4
{[%clk 0:00:14]} 56. Ra6 {[%clk 0:00:37]} Rxc7 {[%clk 0:00:13]} 57. Rxa5 Kg3
{[%clk 0:00:07]} 58. Ra3+ {[%clk 0:00:36]} Kg2 {[%clk 0:00:07]} 59. Ra2+
{[%clk 0:00:35]} Kg3 {[%clk 0:00:09]} 60. Ra3+ {[%clk 0:00:33]} Kh4
{[%clk 0:00:10]} 61. Ra2 {[%clk 0:00:30]} Rg7 {[%clk 0:00:10]} 62. Ra6
{[%clk 0:00:27]} Kg3 {[%clk 0:00:08]} 63. Ra3+ {[%clk 0:00:24]} Kh4
{[%clk 0:00:09]} 64. Ra6 {[%clk 0:00:23]} Kg3 {[%clk 0:00:10]} 65. Ra3+
{[%clk 0:00:22]} Kg2 {[%clk 0:00:11]} 66. Ra2+ {[%clk 0:00:22]} Kg1
{[%clk 0:00:11]} 67. Ra1+ {[%clk 0:00:23]} Kh2 {[%clk 0:00:12]} 68. Ra3
{[%clk 0:00:16]} Kg2 {[%clk 0:00:11]} 69. Ra2+ {[%clk 0:00:17]} Kg3
{[%clk 0:00:13]} 70. Ra3+ {[%clk 0:00:18]} Kh4 {[%clk 0:00:13]} 71. Ra6
{[%clk 0:00:19]} h2 {[%clk 0:00:14]} 72. Rh6+ {[%clk 0:00:16]} Kg3
{[%clk 0:00:15]} 73. Kf6 {[%clk 0:00:08]} Rg8 {[%clk 0:00:16]} 74. Kf7
{[%clk 0:00:08]} Rg4 {[%clk 0:00:17]} 75. Rh8 {[%clk 0:00:04]} Rxf4+
{[%clk 0:00:17]} 76. Kg6 {[%clk 0:00:04]} Rh4 {[%clk 0:00:18]} 0-1

[Event "Rated Blitz 2 during Championship Ukraine U8 - 2025"]
[Site "?"]
[Date "2025.06.07"]
[Round "8.4"]
[White "Netrebka, Myron"]
[Black "Mekich, Pavlo"]
[Result "1-0"]
[BlackElo "1695"]
[WhiteElo "1919"]
[LiveChessVersion "1.4.8"]

1. e4 {[%clk 0:03:04]} e6 {[%clk 0:03:01]} 2. Nf3 {[%clk 0:03:05]} d5
{[%clk 0:03:03]} 3. Nc3 {[%clk 0:03:07]} d4 {[%clk 0:03:01]} 4. Ne2
{[%clk 0:03:08]} e5 {[%clk 0:03:02]} 5. Nxe5 {[%clk 0:03:08]} Nf6
{[%clk 0:03:03]} 6. Ng3 {[%clk 0:03:02]} Bd6 {[%clk 0:03:01]} 7. Nf3
{[%clk 0:03:01]} c5 {[%clk 0:03:00]} 8. e5 {[%clk 0:03:00]} Qe7 {[%clk 0:03:01]}
9. Qe2 {[%clk 0:03:01]} O-O {[%clk 0:02:42]} 10. exf6 {[%clk 0:02:57]} Qxf6
{[%clk 0:02:39]} 11. d3 {[%clk 0:02:52]} Nc6 {[%clk 0:02:38]} 12. Bg5
{[%clk 0:02:53]} Qg6 {[%clk 0:02:37]} 13. O-O-O {[%clk 0:02:51]} h6
{[%clk 0:02:34]} 14. Bd2 {[%clk 0:02:44]} Be6 {[%clk 0:02:35]} 15. Qe4
{[%clk 0:02:44]} Qf6 {[%clk 0:02:32]} 16. Nh5 {[%clk 0:02:34]} Qd8
{[%clk 0:02:20]} 17. Qh4 {[%clk 0:01:38]} Be7 {[%clk 0:02:09]} 18. Qg3
{[%clk 0:01:36]} Bf6 {[%clk 0:01:57]} 19. Bxh6 {[%clk 0:01:28]} g6
{[%clk 0:01:54]} 20. Bxf8 {[%clk 0:01:27]} Kxf8 {[%clk 0:01:54]} 21. Nxf6
{[%clk 0:01:25]} Qxf6 {[%clk 0:01:54]} 22. Qg5 {[%clk 0:01:24]} Qxg5+
{[%clk 0:01:49]} 23. Nxg5 {[%clk 0:01:26]} Bd5 {[%clk 0:01:47]} 24. Be2
{[%clk 0:01:18]} Bxg2 25. Rhg1 Bd5 {[%clk 0:01:44]} 26. Bf3 {[%clk 0:01:21]} Bxf3
{[%clk 0:01:44]} 27. Nxf3 {[%clk 0:01:21]} Nb4 {[%clk 0:01:43]} 28. a3
{[%clk 0:01:22]} Nd5 {[%clk 0:01:43]} 29. Rg4 {[%clk 0:01:20]} Nf6
{[%clk 0:01:41]} 30. Rg5 {[%clk 0:01:20]} b6 {[%clk 0:01:42]} 31. Re1
{[%clk 0:01:21]} Kg7 {[%clk 0:01:42]} 32. Re7 {[%clk 0:01:20]} Ng8
{[%clk 0:01:30]} 33. Rb7 {[%clk 0:01:19]} Nf6 {[%clk 0:01:23]} 34. Ne5
{[%clk 0:01:17]} Nh7 {[%clk 0:01:12]} 35. Rxg6+ {[%clk 0:01:12]} Kf8
{[%clk 0:01:06]} 36. Rxf7+ Ke8 {[%clk 0:01:06]} 37. Re6+ {[%clk 0:01:05]} Kd8
{[%clk 0:01:05]} 38. Nc6+ {[%clk 0:01:06]} Kc8 {[%clk 0:01:05]} 39. Re8#
{[%clk 0:01:06]} 1-0